000 00380 a2200169 4500
001 70369
020 _a8526006525
040 _cAnchieta - Itaigara
100 _aSilva, Aracy Lopes da
240 1 0 _aHistórias de verdade
_lpor
245 1 0 _aHistórias de verdade
300 _a46
362 0 _a2000
440 1 _aGlobal
650 4 _aLiteratura infanto-juvenil
942 _cBK
999 _c70369
_d70369